UBT Library

Exploring psychology / (Record no. 41542)

000 -LEADER
fixed length control field 00756cam a2200277 a 4500
001 - CONTROL NUMBER
control field 16985117
005 - DATE AND TIME OF LATEST TRANSACTION
control field 20180201082736.0
008 - FIXED-LENGTH DATA ELEMENTS--GENERAL INFORMATION
fixed length control field 110930s2008 nyua b 001 0 eng
010 ## - LIBRARY OF CONGRESS CONTROL NUMBER
LC control number 2011290250
020 ## - INTERNATIONAL STANDARD BOOK NUMBER
International Standard Book Number 9781429205894 (pbk.)
020 ## - INTERNATIONAL STANDARD BOOK NUMBER
International Standard Book Number 142920589X (pbk.)
020 ## - INTERNATIONAL STANDARD BOOK NUMBER
International Standard Book Number 9781429205887 (hrd.)
020 ## - INTERNATIONAL STANDARD BOOK NUMBER
International Standard Book Number 1429205881 (hrd.)
040 ## - CATALOGING SOURCE
Original cataloging agency DLC
Transcribing agency DLC
Modifying agency DLC
041 ## - LANGUAGE CODE
Language code of text/sound track or separate title eng
042 ## - AUTHENTICATION CODE
Authentication code pcc
080 ## - UNIVERSAL DECIMAL CLASSIFICATION NUMBER
Universal Decimal Classification number 150 dav
082 00 - DEWEY DECIMAL CLASSIFICATION NUMBER
Classification number 150 dav
Edition number 23
100 1# - Rafti
Rafti 50
101 ## - Shkurtesa
Shkurtesa psi
245 10 - TITLE STATEMENT
Title Exploring psychology /
Statement of responsibility, etc David G. Myers.
504 ## - BIBLIOGRAPHY, ETC. NOTE
Bibliography, etc Includes bibliographical references and indexes.
906 ## - LOCAL DATA ELEMENT F, LDF (RLIN)
a 7
b cbc
c origcop
d 3
e ncip
f 20
g y-gencatlg
942 ## - ADDED ENTRY ELEMENTS (KOHA)
Source of classification or shelving scheme
Item type Books
Holdings
Withdrawn status Lost status Source of classification or shelving scheme Damaged status Not for loan Collection code Permanent location Current location Shelving location Date acquired Total Checkouts Full call number Barcode Date last seen Price effective from Koha item type
          Koleksioni i përgjithshem UBT - Lipjan UBT - Lipjan Koleksioni i përgjithshem 02/01/2018   150 dav 002-2997742 02/01/2018 02/01/2018 Books
          Koleksioni i përgjithshem UBT - Lipjan UBT - Lipjan   10/31/2022   150 MYE 002-800028700260382 10/31/2022 10/31/2022 Books
UBT Library © 2015-2024. All rights reserved University Education for Business and Technology